=LDR 00000nam 2200000 4500 =001 INLIS000000000009611 =005 20130612101410 =008 ***********************************Ind** =035 ##$$0010-061300000009611 =041 ##$$a Ind =082 ##$$a 929.4 =090 ##$$a 929.4, Ali n =100 ##$$a Ali Mahrous =245 ##$$a Nama Nama Indah era Milinium, KH.Mahrous Ali =260 ##$$a 2002 $b Jakarta =300 ##$$a vii, 309 hlm, 21 cm =650 ##$$a Nama - Nama Indah =850 ##$$a NBPNMAT